Premier League Teams 23/24 - Manchester City - Statistics

General Stats
  • This quiz has been taken 17 times
  • The average score is 6 of 21
Answer Stats
Question Answer % Correct
Who is their head Coach? Pep Guardiola
93%
What is the name of their stadium? The Etihad Stadium
93%
Which team is their closest rival? Manchester United
87%
How many top division titles have they won? Nine
67%
With 260 goals, who is their record goal scorer? Sergio Agüero
67%
Which year did they win their most recent top division title? 2023
60%
How many consecutive seasons in the top division? 22
33%
Which company sponsors their kit? Etihad Airways
33%
What is the colour of their home kit? Sky Blue
33%
With 676 games, who has played the most for them? Alan Oakes
13%
Who is the owner of the club? (If more than one owner, use the person/company with the majority stake) City Football Group Limited
13%
...and what does it mean in English? Pride in Battle
13%
What is their nickname? The Sky Blues
13%
Who is the chairman? Khaldoon Al Mubarak
7%
What is their motto? Superbia in Proelio
7%
Their biggest loss was against Burton Wanderers in 1894 and Wolverhampton Wanderers in 1933. What was the score? 0-8
0%
Their record home attendance was against Stoke City in 1934, how many were there. (To the nearest 1,000) 84,569
0%
Their record league win was 10-0 in 1899. Who was it against? Darwen
0%
Their youngest first team player was only 15 years, 314 days. What was his name? Glyn Pardoe
0%
Their oldest first team player was 43 years, 162 days. Who was it? John Burridge
0%
Their record cup win was 12-0 in 1890. Who was it against? Liverpool Stanley
0%
No matching quizzes found
Score Distribution
Percent of People with Each Score
Percentile by Number Answered
Your Score History
You have not taken this quiz